书目信息 |
| 题名: |
油气田微生物学原理与应用技术
|
|
| 作者: | 秦芳玲 , 柯从玉 , 孙妩娟 著 | |
| 分册: | ||
| 出版信息: | 北京 科学出版社 2015.09 |
|
| 页数: | 315页 | |
| 开本: | 24cm | |
| 丛书名: | ||
| 单 册: | ||
| 中图分类: | TE3 , Q939.97 | |
| 科图分类: | ||
| 主题词: | 微生物学--应用--油气田开发--研究 | |
| 电子资源: | ||
| ISBN: | 978-7-03-045650-2 | |
| 000 | 01002nam0 2200253 450 | |
| 001 | 4637 | |
| 005 | 20181012144315.95 | |
| 010 | @a978-7-03-045650-2@dCNY120.00 | |
| 100 | @a20151126d2015 em y0chiy0110 ea | |
| 101 | 0 | @achi |
| 102 | @aCN@b110000 | |
| 105 | @aa z 000yy | |
| 200 | 1 | @a油气田微生物学原理与应用技术@9you qi tian wei sheng wu xue yuan li yu ying yong ji shu@f秦芳玲,柯从玉,孙妩娟著 |
| 210 | @a北京@c科学出版社@d2015.09 | |
| 215 | @a315页@c图@d24cm | |
| 330 | @a本书介绍了油汽田微生物基础理论及在油气开发中的应用,详细阐述了油气藏微生物学、微生物采油技术原理与现场应用技术、油气微生物勘探技术、微生物脱硫技术、油气田有害微生物的控制技术及石油污染物的微生物降解的基本原理、发展概况、现场应用实例及应用效果。 | |
| 606 | 0 | @a微生物学@x应用@x油气田开发@x研究 |
| 690 | @aTE3@v5 | |
| 690 | @aQ939.97@v5 | |
| 701 | 0 | @a秦芳玲@9qin fang ling@4著 |
| 701 | 0 | @a柯从玉@9ke cong yu@4著 |
| 701 | 0 | @a孙妩娟@9sun wu juan@4著 |
| 801 | 0 | @aCN@b91MARC@c20151126 |
| 905 | @aMuseLib@dTE3@e66 | |
| 油气田微生物学原理与应用技术/秦芳玲,柯从玉,孙妩娟著.-北京:科学出版社,2015.09 |
| 315页:图;24cm |
| ISBN 978-7-03-045650-2:CNY120.00 |
| 本书介绍了油汽田微生物基础理论及在油气开发中的应用,详细阐述了油气藏微生物学、微生物采油技术原理与现场应用技术、油气微生物勘探技术、微生物脱硫技术、油气田有害微生物的控制技术及石油污染物的微生物降解的基本原理、发展概况、现场应用实例及应用效果。 |
| ● |
| 相关链接 |
|
|
|
|
正题名:油气田微生物学原理与应用技术
索取号:TE3/66
 
预约/预借
| 序号 | 登录号 | 条形码 | 馆藏地/架位号 | 状态 | 备注 |
| 1 | 1126079 | 211260794 | 第二样本阅览室/ [索取号:TE3/66] | 在馆 | |
| 2 | 1126080 | 211260801 | 第三借阅区/ [索取号:TE3/66] | 在馆 | |
| 3 | 1126081 | 211260810 | 密集书库-生命科学系/ [索取号:TE3/66] | 在馆 |